Państwa należące do NATO - Statystyki

Ogólne statystyki
  • Ten quiz został rozwiązany 18 razy
  • Średni wynik to 22 z 29
Statystyki odpowiedzi
Odpowiedź % Poprawnych
Polska
100%
Czechy
93%
Francja
93%
Hiszpania
93%
Niemcy
93%
Portugalia
93%
Stany Zjednoczone / USA
93%
Wielka Brytania / UK
93%
Kanada
87%
Słowacja
87%
Chorwacja
80%
Dania
80%
Estonia
80%
Belgia
73%
Islandia
73%
Litwa
73%
Albania
67%
Grecja
67%
Holandia
67%
Łotwa
67%
Norwegia
67%
Słowenia
67%
Włochy
67%
Bułgaria
60%
Luksemburg
60%
Rumunia
60%
Turcja
60%
Węgry
60%
Czarnogóra
47%
Nie znaleziono quizów pasujących do podanych kryteriów
Rozkład punktacji
Procent ludzi z każdym wynikiem
Percentyl według liczby udzielonych odpowiedzi
Twoja historia wyników
Nie rozwiązałeś tego quizu